Score 0/20 Timer 05:00
8 Plays Today
% Correct
Euphegenia Doubtfire
93.9%
Marlene McFly
87.3%
Big Momma
75.8%
Granny Klump
72.6%
Edna Turnblad
66.8%
Madea
66.6%
Church Lady
66.1%
Peter Pan
56.7%
Dorothy Michaels
56%
Anshel Mendel
55.1%
% Correct
Victor Grazinski
54.8%
Lassie
54.7%
Thomas Kent
51.7%
Brandon Teena
50.3%
Brittany Wilson
48.2%
Billy Kwan
40.5%
Geraldine Jones
36.6%
Jude Quinn
32.1%
Denise Bryson
30.4%
Buffy Wilson
30.4%

You're not logged in!

Compare scores with friends on all Sporcle quizzes.
OR
Log In

Sporcle TV

Today on Sporcle TV


Watch our educational content, quiz creation guides, and fun videos on Sporcle TV.

Show Comments

Extras

Top Quizzes Today


Score Distribution

Paid Content

Your Account Isn't Verified!

In order to create a playlist on Sporcle, you need to verify the email address you used during registration. Go to your Sporcle Settings to finish the process.

Report this User

Report this user for behavior that violates our Community Guidelines.

Details: